000 00826cad a22002055a 4500
001 L156529
008 120601s20120531xxk f 000 0 eng d
035 _a(Sirsi) u156529
041 0 _aeng
110 2 _aNationwide Building Society
_91019
245 0 0 _aNationwide house price index
_bMay 2012
_h[electronic resource]
260 _c2012
490 0 _aNationwide House Price Index
_vMay 2012
520 _aUnited Kingdom house prices increased by 0.3% in May 2012 and fell by 0.7% on a year on year basis. Housing affordability points to underlying supply issues, especially in the South.
590 _aKA
651 4 _aUnited Kingdom
_y
690 _aResidential property
_96266
856 4 0 _uhttps://www.nationwide.co.uk/hpi/historical/May_2012.pdf
_zView this item free of charge at www.nationwide.co.uk
942 _n0
999 _c114287
_d114287